| 000 | 00683nam a2200229 a 4500 | ||
|---|---|---|---|
| 005 | 20210219153445.0 | ||
| 008 | 991125n 000 0 u | ||
| 035 | _aUPN01000100996 | ||
| 100 | _aLevande, David | ||
| 222 |
_aREADING IMPROVEMENT : _bA JOURNAL FOR THE IMPROVEMENT OF READING |
||
| 245 | _aStandardized reading tests : concerns, limitations, and alternatives | ||
| 300 | _a125-127 | ||
| 362 | _a30, No. 2, 1993 | ||
| 505 | _aOctubre 1993 | ||
| 653 | 0 | _aPROBLEMAS DE EVALUACION | |
| 653 | 0 | _aPRUEBAS DE LECTURA | |
| 653 | 0 | _aPRUEBAS DE PROBLEMAS | |
| 653 | 0 | _aPRUEBAS ESTANDARIZADAS | |
| 653 | 0 | _aUSO DE PRUEBAS | |
| 904 |
_aAC _b038807 |
||
| 905 | _aArticulo | ||
| 999 |
_c77359 _d77359 |
||